(Ne) svojina / (Record no. 1587)

MARC details
000 -LEADER
fixed length control field 01162cam a2200397 a 4500
001 - CONTROL NUMBER
control field data
005 - DATE AND TIME OF LATEST TRANSACTION
control field 20260322212107.0
008 - FIXED-LENGTH DATA ELEMENTS--GENERAL INFORMATION
fixed length control field data
035 ## - SYSTEM CONTROL NUMBER
System control number 734601
010 ## - LIBRARY OF CONGRESS CONTROL NUMBER
LC control number 98170638
020 ## - INTERNATIONAL STANDARD BOOK NUMBER
International Standard Book Number 8623030729
020 ## - INTERNATIONAL STANDARD BOOK NUMBER
International Standard Book Number 9788623030727
035 ## - SYSTEM CONTROL NUMBER
-- (DLC) 98170638
040 ## - CATALOGING SOURCE
Original cataloging agency DLC
Transcribing agency DLC
Modifying agency DLC
043 ## - GEOGRAPHIC AREA CODE
Geographic area code e-yu---
050 00 - LIBRARY OF CONGRESS CALL NUMBER
Classification number HB701
Item number .M355 1997
100 1# - MAIN ENTRY--PERSONAL NAME
Personal name Marković, Živko,
Dates associated with a name 1933-
245 10 - TITLE STATEMENT
Title (Ne) svojina /
Statement of responsibility, etc. Živko Marković.
246 3# - VARYING FORM OF TITLE
Title proper/short title Nesvojina
246 3# - VARYING FORM OF TITLE
Title proper/short title Svojina
260 ## - PUBLICATION, DISTRIBUTION, ETC.
Place of publication, distribution, etc. Beograd :
Name of publisher, distributor, etc. Naučna knjiga,
Date of publication, distribution, etc. 1997.
300 ## - PHYSICAL DESCRIPTION
Extent 127 p. ;
Dimensions 21 cm.
336 ## - CONTENT TYPE
Content type term text
Content type code txt
Source rdacontent
337 ## - MEDIA TYPE
Media type term unmediated
Media type code n
Source rdamedia
338 ## - CARRIER TYPE
Carrier type term volume
Carrier type code nc
Source rdacarrier
504 ## - BIBLIOGRAPHY, ETC. NOTE
Bibliography, etc. note Includes bibliographical references.
546 ## - LANGUAGE NOTE
Language note In Serbo-Croatian
Information code or alphabet (roman).
650 #0 - SUBJECT ADDED ENTRY--TOPICAL TERM
Topical term or geographic name entry element Property.
650 #0 - SUBJECT ADDED ENTRY--TOPICAL TERM
Topical term or geographic name entry element Government property.
650 #0 - SUBJECT ADDED ENTRY--TOPICAL TERM
Topical term or geographic name entry element Property
Geographic subdivision Yugoslavia.
906 ## - LOCAL DATA ELEMENT F, LDF (RLIN)
a 7
b cbc
c orignew
d 3
e ncip
f 19
g y-gencatlg
922 ## -
-- ax
991 ## -
-- c-GenColl
-- HB701
-- .M355 1997
-- Copy 1
-- BOOKS
Holdings
Withdrawn status Lost status Damaged status Not for loan Home library Current library Shelving location Date acquired Total checkouts Full call number Barcode Date last seen Price effective from Koha item type
        Liberty Liberty General stacks 22/03/2026   HB701 LOC-LPL-00050 22/03/2026 22/03/2026 Books